| 000 | 00492nam a22001697a 4500 | ||
|---|---|---|---|
| 005 | 20240112110200.0 | ||
| 008 | 240112b |||||||| |||| 00| 0 eng d | ||
| 041 | _aEnglish | ||
| 082 | _a346.7 KER | ||
| 100 |
_aKerr, AJ _lEnglish |
||
| 245 |
_aThe Law of Lease / _cAJ Kerr |
||
| 250 | _aFirst Edition | ||
| 260 |
_aDurban : _bButterworth and Company Ltd, _c1969 |
||
| 300 |
_bxxv, 191 pages ; _c25 cm. |
||
| 650 |
_aLegal practice _bLaw |
||
| 942 |
_cBK _6ALISON_BN_VRIES |
||
| 999 |
_c1230 _d1230 |
||